แสดงรายละเอียดบรรณานุกรม
  กลับหน้าหลัก

Brief Record : Get Marc (ISO 2709) : E-mail record : QR code ปิดหน้าต่าง
E-books : เกี่ยวกับ Collections
LEADER 00000nam 2200000uu 4500
008    110127s2553||||th 000 0 tha d
020    978-974-297-992-8
060  0 WC 510 ข982 2553
245 00 ^aไข้หวัดใหญ่สายพันธุ์ใหม่ ชนิด A (H1 N1) องค์ความรู้จากการเฝ้าระวังและการสอบทางระบาดวิทยา.
260    ^aกรุงเทพฯ : ^bโรงพิมพ์ชุมชนสหกรณ์การเกษตรแห่งประเทศไทย,^c2553.
300    ^aจำนวน 168 หน้า ; ^bภาพประกอบ.
650  0 ^a ชนิด A ( H1 N1).
650  0 ^aเชื้อไวรัส - - ^xไข้หวัดใหญ่.
650  0 ^aโรค - - ^xไข้หวัดใหญ่ - - ^xสายพันธุ์ใหม่.
700 0  ^aภาสกร อัครเสรี,นายแพทย์.
710 1  ^aกรมควบคุมโรค. สำนักระบาดวิทยา.
999    ^aใช้งานได้ทุกระบบ
รายการนี้ยังไม่มีแท็ก
คุณยังไม่ได้ล็อกอิน คุณสามารถมีกิจกรรมร่วมกับเว็บไซต์ได้ แต่ต้องล็อกอินก่อน ::
  ล็อกอิน
ลำดับที่ ประเภท เลขเรียก สถานที่ สถานะ
1. หนังสือทั่วไป
หนังสือทั่วไป
WC 510 ข982 2553  
  
หนังสือทั่วไป On Shelf
  ขอยืม
   [แสดง 1/1 รายการ]

BibComment


ยังไม่เคยถูกคอมเมนท์

คอมเมนท์ทรัพยากรรายการนี้
  คอมเมนท์: ไข้หวัดใหญ่สายพั..
Bib 205789

 
 
 

 Union Library Management : ULibM
Copyright 2026. All Rights Reserved.
скачать бесплатно без регистрации порно красивый секс HD Sex Hindi sex

xxx gou

xxxx

bfxxx

xxxwww

Секса Видео

xxxx

Секса Видео

detube

geilexxx

C99 Shell

worms shell

blod xxx video
Ebony Coed Rihanna Rimes Takes A Dick In Her Young Twat priyaa indian fuck anal and pusssy hardcore indian women xxx desi hardcore fucking part 1 bengalixxxcouple